Accounting For Managers/ (Record no. 205255)

MARC details
000 -LEADER
fixed length control field 00665nam a22002057a 4500
005 - DATE AND TIME OF LATEST TRANSACTION
control field 20240823143402.0
008 - FIXED-LENGTH DATA ELEMENTS--GENERAL INFORMATION
fixed length control field 090826t xxu||||| |||| 00| 0 eng d
010 ## - LCCN (DPL NO)
LC control number ENG-141433
020 ## - INTERNATIONAL STANDARD BOOK NUMBER
Terms of availability 390.00
International Standard Book Number 9788192060804
035 ## - SYSTEM CONTROL NUMBER
System control number EN-124965
037 ## - SOURCE OF ACQUISITION
Source of stock number/acquisition DBAD
082 ## - DEWEY DECIMAL CLASSIFICATION NUMBER
Classification number 657
Edition number 1
100 ## - MAIN ENTRY--PERSONAL NAME
9 (RLIN) 36944
Personal name Prasad, G.
245 ## - TITLE STATEMENT
Title Accounting For Managers/
Statement of responsibility, etc By G. Prasad
250 ## - EDITION STATEMENT
Edition statement 1
260 ## - PUBLICATION, DISTRIBUTION, ETC. (IMPRINT)
Name of publisher, distributor, etc Jai Bharat Publishers
Place of publication, distribution, etc Guntur
Date of publication, distribution, etc 2018
270 ## - ADDRESS
Address 2/18 Brodiepet, Guntur
Postal code 522002
Electronic mail address jp682@yahoo.co.in
300 ## - PHYSICAL DESCRIPTION
Extent various pages
Dimensions 28cm(pb)
942 ## - ADDED ENTRY ELEMENTS (KOHA)
Source of classification or shelving scheme Dewey Decimal Classification
Call number suffix PRA
Item type English Books
Classification part 657
Edition I
Holdings
Withdrawn status Lost status Source of classification or shelving scheme Damaged status Not for loan Collection code Home library Current library Date acquired Source of acquisition Cost, normal purchase price Total Checkouts Full call number Barcode Date last seen Copy number Cost, replacement price Koha item type
    Dewey Decimal Classification     Non-fiction Shahdara Branch Shahdara Branch 23/08/2024 Delivery of Books Act Division 390.00   PRA 657 EN-124965 23/08/2024 1 390.00 English Books

© Delhi Public Library
Hit Counter
free hit counter